| 000 | 00000nam##2200000za#4500 |
| 001 | 9.574512 |
| 003 | CaOODSP |
| 005 | 20210624184223 |
| 007 | cr ||||||||||| |
| 008 | 150406|2006||||xxc|||||o f|0| 0 eng|d |
| 040 | |aCaOODSP|beng |
| 043 | |an-cn--- |
| 086 | 1 |aTU3-5/06-16E-PDF |
| 110 | 2 |aTransportation Safety Board of Canada. |
| 245 | 10|aUnintentional lift-off and collision with terrain - Highland Helicopters Limited Eurocopter AS 350 B2 (helicopter) C-GBHH Grande Prairie Airport, Alberta, 05 July 2006 |h[electronic resource] |
| 260 | |aGatineau - Quebec : |bTransportation Safety Board of Canada |c2008. |
| 300 | |a25p.|bfig., tables, photographs |
| 490 | 1 |aAviation investigation report |vA06P0123 |
| 500 | |a"The Board authorized the release of this report on 04 March 2008" --p.21. |
| 590 | |a12-33-Supp|b2012-07-18 |
| 775 | 08|tDécollage intempestif et collision avec le relief de l'hélicoptère Eurocopter AS 350 B2 C-GBHH, exploité par Highland Helicopters Limited à l'aéroport de Grande Prairie (Alberta), le 5 juillet 2006 |w(CaOODSP)9.604256 |
| 830 | #0|aAviation investigation report ;|vA06P0123|w(CaOODSP)9.504825 |
| 856 | 40|ahttp://publications.gc.ca|qPDF|s594 KB|uhttps://publications.gc.ca/collections/collection_2012/bst-tsb/TU3-5-06-16-eng.pdf|yA06P0123 |